| 000 | 01037nam a22002535i 4500 | ||
|---|---|---|---|
| 001 | 159455 | ||
| 003 | ES-MaACL | ||
| 005 | 20250726063041.0 | ||
| 008 | 040913s1887 it af |||| | ita d | ||
| 040 |
_aCAM _bspa _cCAM |
||
| 080 | _a551.21(450) | ||
| 100 | 1 |
_aMercalli, Giuseppe, _d1850-1914 _eaut _9129847 |
|
| 245 | 1 | 3 |
_aLe lave di Radicofani / _cnota del prof. G. Mercalli |
| 260 |
_aMilano : _b[s.n.], _c1887 _f(Tip. Bernardoni di C. Rebeschini e C.) |
||
| 300 |
_a14 páginas, [1] hoja de lámina ; _c23 cm |
||
| 594 | _aTít. y autor tomados de principio de texto | ||
| 599 | _aLám. cromolit.: "Lit. L. Ronchi", las rocas de Radicofani. | ||
| 650 | 4 |
_aVulcanismo- _zItalia _9173715 |
|
| 650 | 7 |
_aVolcanes- _zItalia _2embne _9241397 |
|
| 852 |
_aES-MaACL _cDEPOF _fEx-libris ms. de Giuseppe Mercalli _hLegado de Federico de Botella y de Hornos _jT-899-F-7 _xEnc. en un vol. facticio _xHolandesa, falto de cub. original |
||
| 942 |
_2udc _cFOLLETOS _n0 |
||
| 999 |
_c159455 _d159455 |
||